00987nam a2200325Ia 450000500170000000800410001702000150005810000290007324500260010224500630012825000120019126000180020330000110022150000400023265000290027265000240030165000350032565000270036065000370038765000300042470000280045494200120048226400180049433600270051233700330053933800280057204000350060008400110063599900150064620220317000416.0141031s9999 xx 000 0 und d a9500302535 aNeruda, Pablo, 1904-1973 aAntología esencial  b Pablo Neruda ; selección y prólogo de Hernán Loyola a12a ed. b Losada, 2002 a340 p. aIncluye apéndice bibliográfico. a Autores Chilenos 2LEMB a Colecciones 2LEMB a Poesia Amorosa Chilena 2LEMB a Poesia Chilena 2LEMB a Poesia Patriotica Chilena2LEMB aLiteratura Chilena 2LEMB aLoyola, Hernán912038 2loccBK aBuenos Aires  atextobtxt2rdacontent asin mediaciónbn2rdamedia avolumenbnc2rdacarrier aCO-BoRNBPbspaerdacCO-BoRNBP aP NER1 c3957d3957